| 000 | 01079nam a2200217Ia 4500 | ||
|---|---|---|---|
| 001 | 10385 | ||
| 003 | GE_BSU | ||
| 008 | 181216s||||||||xx |||||||||||||| ||und|| | ||
| 020 | _a9789992847268 | ||
| 040 | _cGE_BSU | ||
| 080 | _a821.353.1+821.353.1-32+821.353.1-391+821.353.1-11+81'374(038)=353.1 | ||
| 245 | _aქართული მწერლობა 40 ტომად. ტ.7. | ||
| 245 | _cშემდგ.ა.ბაქრაძე,რ.თვარაძე,სარედ.კოლ.ა.ბაქრაძე და სხვ. მხატვ.გ.ღლონტი.ტომის რედ.ს.ცაიშვილი.მხატვ.გ.ღლონტი | ||
| 260 | _aთბილისი | ||
| 260 | _bნაკადული | ||
| 260 | _c1989 | ||
| 300 | _a750გვ.20სმ. | ||
| 520 | _aტომეული თავდაპირველად გამოდიოდა 30ტომად.2007 წლის შემდეგ გამოდის 40 ტომად | ||
| 653 | _aქართული მწერლობა | ||
| 942 | _cBK | ||
| 999 |
_c43647 _d43647 |
||